| 000 | 00969nam a2200253 a 4500 | ||
|---|---|---|---|
| 003 | BD-DhJNU | ||
| 005 | 20250821043256.0 | ||
| 008 | 110622s2011 bg a b 001 0 eng | ||
| 020 | _a9789845060301 | ||
| 040 |
_aBD-DhJNU _bENG _cBD-DhJNU _dBD-DhJNU |
||
| 082 | 0 | 0 |
_a339.460 POV _223 |
| 245 | 0 | 0 |
_aPoverty, intra-household distribution and gender relations in Bangladesh : _bevidence and policy implications / _cedited by Mohammad A. Razzaque, Bazlul H. Khondker, Selim Raihan. |
| 264 | 1 |
_aDhaka : _bUniversity Press Limited, _c2011. |
|
| 300 |
_axxi, 472 pages : _billustrations ; _c22 cm |
||
| 504 | _aIncludes bibliographical references and index. | ||
| 650 | 0 |
_aPoverty _zBangladesh. |
|
| 650 | 0 |
_aHouseholds _xEconomic aspects _zBangladesh. |
|
| 650 | 0 |
_aWomen _zBangladesh _xSocial conditions. |
|
| 650 | 0 |
_aWomen _zBangladesh _xEconomic conditions. |
|
| 700 | 1 | _aRazzaque, Mohammad A. | |
| 700 | 1 | _aKhondker, Bazlul H. | |
| 700 | 1 | _aRaihan, Selim. | |
| 942 | _cBK | ||
| 999 |
_c2003 _d2003 |
||